000 02012nam a2200541 i 4500
001 2905
003 KOSZ 005
005 20220802093623.0
008 220802s1980 pl a f 001 0 pol
015 _aUWD 1980/7710
020 _a8321328830
035 _a991013491779705066
035 _a(PL-WaBN)b13634732-48omnis_nlop
035 _ab13634732
035 _a(OCoLC)749382035
035 _a(PL)b0000001363473
035 _a(EXLNZ-48OMNIS_NETWORK)9910103020005606
040 _aWA N
_cWA N
_dKOSZ 005/RW
046 _k1968
080 _a624.01/.07
080 _a(075.8)
100 1 _aKączkowski, Zbigniew
_d(1921-2018)
_eAutor
245 1 0 _aPłyty :
_bobliczenia statyczne /
_cZbigniew Kączkowski ; [recenzent prof. dr inż. Witold Nowacki].
250 _aWydanie 2 zmienione i uzupełnione.
260 _aWarszawa :
_b"Arkady",
_c1980.
300 _a467 stron :
_bilustracje, tabele, wykresy ;
_c25 cm.
336 _aTekst
_btxt
_2rdacontent
337 _aBez urządzenia pośredniczącego
_bn
_2rdamedia
338 _aWolumin
_bnc
_2rdacarrier
380 _aKsiążki
380 _aPublikacje fachowe
380 _aPublikacje dydaktyczne
385 _mPoziom nauczania
_aSzkoły wyższe
388 1 _a1901-2000
388 1 _a1945-1989
504 _aBibliografia na stronach [454]-461. Indeks.
521 8 _aKsiążka jest przeznaczona dla studentów uczelni technicznych oraz pracowników instytutów naukowych, a także może być wykorzystywana przez inżynierów projektantów.
650 7 _aPłyty konstrukcyjne
_2DBN
650 7 _aSprężystość
_2DBN
655 7 _aPodręczniki akademickie
658 _aArchitektura i budownictwo
658 _aInżynieria i technika
700 1 _aNowacki, Witold
_d(1911-1986)
_eRecenzja
710 2 _aWydawnictwo Arkady
_4pbl
856 _uhttp://koha.tu.koszalin.pl/cgi-bin/koha/opac-detail.pl?biblionumber=2905
_yKatalog online BPK
942 _2UKD
_cKS
999 _c2905
_d2905